English pronouncing dictionary

Kaydedildi:
Detaylı Bibliyografya
Materyal Türü: Kitap
Baskı/Yayın Bilgisi: 1992
Etiketler: Etiketle
Etiket eklenmemiş, İlk siz ekleyin!
Thư viện lưu trữ: Mạng thư viện Đại học Đà Nẵng
LEADER 00440nam a22001811a 4500
001 000037721
003 14016
005 20160412020830.0
008 160412s1992 000
082 |a 4A(07)1109 
245 |a English pronouncing dictionary  |c Susan Ramsaran 
260 |c 1992 
OWN |a LNN 
999 |a From the UDN01 
TYP |a Monograph 
980 |a Mạng thư viện Đại học Đà Nẵng